| 000 | 00552pab a2200193 454500 | ||
|---|---|---|---|
| 008 | 180718b2017 xxu||||| |||| 00| 0 eng d | ||
| 100 | _aDevi, Reenu | ||
| 245 | _aGeographical analysis of population ageing in Himachal Pradesh: 1981-2011 | ||
| 260 | _c2017 | ||
| 300 | _ap.139-152. | ||
| 362 | _aDec | ||
| 650 | _aAgeing population - India | ||
| 650 | _aOld age - India - Himachal Pradesh | ||
| 650 | _aAgeing - India - Himachal Pradesh | ||
| 650 | _aAgeing | ||
| 700 | _aAashish, Pankaj | ||
| 773 | _aMan and Development | ||
| 909 | _a117197 | ||
| 999 |
_c117191 _d117191 |
||